| 000 | 00946nam a2200229 a 4500 | ||
|---|---|---|---|
| 001 | 56116 | ||
| 003 | BD-RjUL | ||
| 005 | 20211209080344.0 | ||
| 008 | 161126s1939 ii ||||| |||| 00| 0 b d | ||
| 035 | _a(BD-RjUL)56240 | ||
| 040 |
_aBD-RjUL _bben _cBD-RjUL _dBD-RjUL |
||
| 041 | _aben | ||
| 082 |
_223 _a891.4409 _bSEP 1939 |
||
| 100 |
_aসেন, দীনেশ্চন্দ্র _9123268 |
||
| 245 |
_aপুরাতনী _b(মুশ্লিম নারী-চিত্র) / _cদীনেশ্চন্দ্র সেন |
||
| 250 | _a২য় সং. | ||
| 260 |
_aকলিকাতা _bগুরুদাস চট্টোপাধ্যায়, _c১৯৩৯ |
||
| 300 |
_a[১৭], ১৮০ পৃ. ; _c১৫ সেমি. |
||
| 650 |
_aবাংলা সাহত্য _vইতিহাস ও সমালোচনা _9167060 |
||
| 650 |
_aBengali literature _vHistory and criticism _9167061 |
||
| 942 |
_2ddc _cBK |
||
| 999 |
_c56116 _d56116 |
||